[Event "BL 0708 SC Kreuzberg - SC Remagen"]
[Site "?"]
[Date "2007.12.08"]
[Round "6.2"]
[White "Socko, Bartosz"]
[Black "Goloshchapov, Alexander"]
[Result "1/2-1/2"]
[WhiteElo "2646"]
[BlackElo "2563"]
[PlyCount "83"]
[EventDate "2007.??.??"]

1. e4 e6 2. d4 d5 3. Nc3 dxe4 4. Nxe4 Nd7 5. Nf3 Ngf6 6. Nxf6+ Nxf6 7. Bg5 h6
8. Bh4 c5 9. Be2 Be7 10. dxc5 Qa5+ 11. c3 Qxc5 12. O-O O-O 13. Qc2 b6 14. b4
Qc7 15. Nd4 Bb7 16. Bg3 Bd6 17. Nb5 Qc6 18. Bf3 Qxb5 19. Bxb7 Rad8 20. Rfd1
Bxg3 21. hxg3 Rb8 22. Bf3 Rbc8 23. Rac1 Rc7 24. Be2 Qe5 25. c4 Rfc8 26. a3 h5
27. Bf1 g6 28. Qc3 Qxc3 29. Rxc3 Kf8 30. f3 Ke7 31. Kf2 a5 32. Rb3 axb4 33.
axb4 Ra8 34. Rd2 Ra4 35. Ke3 Nd7 36. Kd4 Nb8 37. Kc3 Nc6 38. f4 Nd8 39. Rb1
Ra3+ 40. Rb3 Ra4 41. Rb1 Ra3+ 42. Rb3 1/2-1/2

[Event "BL 0708 SC Kreuzberg - SC Remagen"]
[Site "?"]
[Date "2007.12.08"]
[Round "6.3"]
[White "Degraeve, Jean-Marc"]
[Black "Gagunashvili, Merab"]
[Result "1/2-1/2"]
[WhiteElo "2546"]
[BlackElo "2584"]
[PlyCount "82"]
[EventDate "2007.??.??"]

1. e4 c6 2. c4 d5 3. cxd5 cxd5 4. exd5 Nf6 5. Qa4+ Nbd7 6. Nc3 g6 7. Bc4 Bg7 8.
d3 O-O 9. Nf3 Nb6 10. Qb3 Bg4 11. Ne5 Bf5 12. Be3 Qc7 13. Bxb6 Qxe5+ 14. Be3
Ng4 15. d4 Qd6 16. Nb5 Qb8 17. h3 Nxe3 18. Qxe3 a6 19. Nc3 b5 20. Be2 Qd6 21.
Rd1 b4 22. Ne4 Qxd5 23. Ng3 Qxa2 24. Nxf5 gxf5 25. Rd2 Qb1+ 26. Bd1 Rad8 27.
O-O Qe4 28. Qxe4 fxe4 29. d5 Rd6 30. Bb3 Rc8 31. g4 a5 32. Ra1 Rc5 33. Re2 h5
34. Ra2 hxg4 35. hxg4 Rc1+ 36. Kg2 Rb1 37. Rxa5 Rxb2 38. Ra8+ Kh7 39. Rxb2 Bxb2
40. Rb8 Bc3 41. Rb7 Kg6 1/2-1/2

[Event "BL 0708 SC Kreuzberg - SC Remagen"]
[Site "?"]
[Date "2007.12.08"]
[Round "6.4"]
[White "Luther, Thomas"]
[Black "Popovic, Petar"]
[Result "1-0"]
[WhiteElo "2534"]
[BlackElo "2474"]
[PlyCount "111"]
[EventDate "2007.??.??"]

1. e4 c5 2. Nf3 d6 3. d4 cxd4 4. Nxd4 Nf6 5. Nc3 a6 6. Bg5 e6 7. f4 Be7 8. Qf3
Qc7 9. O-O-O Bd7 10. e5 dxe5 11. fxe5 Nd5 12. Ne4 O-O 13. Bf6 Bxf6 14. exf6
Qf4+ 15. Qxf4 Nxf4 16. fxg7 Kxg7 17. Nc5 Bc8 18. g3 Ng6 19. Bg2 Ra7 20. Rhe1 b6
21. Nd3 Bb7 22. Bxb7 Rxb7 23. Nf4 Rc8 24. Nh5+ Kg8 25. g4 Rbc7 26. c3 h6 27. h3
b5 28. a3 Kh7 29. Rf1 Kg8 30. Rd2 Ne5 31. Kb1 Nbc6 32. Nxc6 Rxc6 33. Re2 Nd7
34. Rd1 Nb6 35. Nf6+ Kg7 36. Rf2 R6c7 37. Rd6 Rb7 38. h4 a5 39. g5 hxg5 40.
hxg5 b4 41. Nh5+ Kg6 42. Nf4+ Kxg5 43. Rd1 f5 44. Nxe6+ Kf6 45. Nd4 Rc5 46.
Rdf1 bxc3 47. Rxf5+ Rxf5 48. Rxf5+ Ke7 49. Nc6+ Kd6 50. Nxa5 Rh7 51. bxc3 Rh2
52. Rf6+ Kc5 53. Nb3+ Kb5 54. Nd4+ Ka5 55. Rc6 Na4 56. Rc8 1-0

[Event "BL 0708 SC Kreuzberg - SC Remagen"]
[Site "?"]
[Date "2007.12.08"]
[Round "6.6"]
[White "Volke, Karsten"]
[Black "Belkhodja, Slim"]
[Result "1/2-1/2"]
[WhiteElo "2472"]
[BlackElo "2476"]
[PlyCount "98"]
[EventDate "2007.??.??"]

1. d4 d6 2. Nf3 Nf6 3. c4 g6 4. Nc3 Bf5 5. d5 Bg7 6. Nd4 Bd7 7. e4 O-O 8. Be2
Na6 9. O-O Nc5 10. Bf3 e5 11. dxe6 Nxe6 12. Be3 Re8 13. Qe2 Ng4 14. Bxg4 Nxd4
15. Qd2 Nc6 16. Bxd7 Qxd7 17. Bh6 Bh8 18. f3 f5 19. exf5 Bxc3 20. Qxc3 gxf5 21.
Rad1 Qf7 22. c5 dxc5 23. Qxc5 Re5 24. Qc1 Rae8 25. Rfe1 Rxe1+ 26. Rxe1 Rxe1+
27. Qxe1 Qe7 28. Qg3+ Kf7 29. Qg7+ Ke6 30. Qg8+ Qf7 31. Qc8+ Qd7 32. Qg8+ Qf7
33. Qc8+ Qd7 34. Qxb7 Qd4+ 35. Kf1 Qc4+ 36. Kf2 Qh4+ 37. Kf1 Qc4+ 38. Ke1 Kd7
39. Be3 f4 40. Bd2 Qc5 41. Qa6 Ne5 42. Qa4+ c6 43. Ke2 Qg1 44. Qxf4 Qxg2+ 45.
Kd1 Qf1+ 46. Kc2 Qd3+ 47. Kc1 Qf1+ 48. Kc2 Qd3+ 49. Kc1 Qf1+ 1/2-1/2

[Event "BL 0708 SC Kreuzberg - SC Remagen"]
[Site "?"]
[Date "2007.12.08"]
[Round "6.7"]
[White "Boidman, Yuri"]
[Black "Paehtz, Elisabeth"]
[Result "0-1"]
[WhiteElo "2450"]
[BlackElo "2452"]
[PlyCount "124"]
[EventDate "2007.??.??"]

1. e4 e5 2. Nf3 Nc6 3. Bb5 a6 4. Ba4 Nf6 5. O-O b5 6. Bb3 Be7 7. Re1 O-O 8. c3
d6 9. d4 Bg4 10. Be3 exd4 11. cxd4 Na5 12. Bc2 Nc4 13. Bc1 c5 14. b3 Na5 15. d5
Nd7 16. Nbd2 Bf6 17. Rb1 Bc3 18. h3 Bh5 19. g4 Bg6 20. Re3 b4 21. Nf1 h5 22.
Bd2 Bxd2 23. Qxd2 Re8 24. Rbe1 hxg4 25. hxg4 Qf6 26. Ng3 Qf4 27. g5 Ne5 28.
Nxe5 Rxe5 29. R3e2 Qxd2 30. Rxd2 Rxg5 31. Kg2 Rg4 32. f3 Rh4 33. e5 Re8 34.
Bxg6 fxg6 35. e6 Kf8 36. Ne4 Ke7 37. Nxc5 Reh8 38. Ne4 Rh2+ 39. Kg3 Rxd2 40.
Nxd2 Rh5 41. f4 Rxd5 42. Nf3 Nc6 43. Ng5 Nd4 44. Kf2 Ra5 45. Re4 Rxa2+ 46. Ke3
Nxb3 47. Rxb4 Nc5 48. Rb8 Ra3+ 49. Ke2 Rb3 50. Ra8 d5 51. Ra7+ Rb7 52. Ra8 d4
53. Kf3 Rb3+ 54. Kf2 Rb2+ 55. Kf3 Rb7 56. Kf2 d3 57. Ke3 Rb2 58. Rc8 Re2+ 59.
Kf3 Nxe6 60. Rc3 Nd4+ 61. Kg3 d2 62. Rd3 Nf5+ 0-1

[Event "BL 0708 SK Zehlendorf - Godesberger SK"]
[Site "?"]
[Date "2007.12.08"]
[Round "6.3"]
[White "Kveinys, Aloyzas"]
[Black "Novikov, Stanislav"]
[Result "1/2-1/2"]
[WhiteElo "2517"]
[BlackElo "2534"]
[PlyCount "73"]
[EventDate "2007.??.??"]

1. d4 d6 2. g3 g6 3. Bg2 Bg7 4. Nf3 Nf6 5. O-O O-O 6. c4 c6 7. Nc3 Qb6 8. e3
Qa6 9. b3 b5 10. Nd2 Bb7 11. Bb2 Nbd7 12. Qe2 b4 13. Na4 c5 14. dxc5 Bxg2 15.
Kxg2 Nxc5 16. Nxc5 dxc5 17. a3 Rfd8 18. Rfd1 bxa3 19. Rxa3 Qb7+ 20. Qf3 Qxf3+
21. Kxf3 Ne4 22. Bxg7 Nxd2+ 23. Ke2 Ne4 24. Rxd8+ Rxd8 25. Ba1 Rd2+ 26. Ke1 Rc2
27. Rxa7 f5 28. f3 Ng5 29. Kd1 Rxh2 30. Bc3 Kf7 31. b4 cxb4 32. Bxb4 Nxf3 33.
Rxe7+ Kf6 34. Ra7 Ke6 35. Re7+ Kf6 36. Ra7 Ke6 37. Re7+ 1/2-1/2

[Event "BL 0708 SK Zehlendorf - Godesberger SK"]
[Site "?"]
[Date "2007.12.08"]
[Round "6.5"]
[White "Jackelen, Thomas"]
[Black "Berczes, David"]
[Result "1/2-1/2"]
[WhiteElo "2437"]
[BlackElo "2430"]
[PlyCount "47"]
[EventDate "2007.??.??"]

1. Nf3 Nf6 2. c4 e6 3. g3 d5 4. Bg2 Be7 5. O-O O-O 6. d4 dxc4 7. Qc2 a6 8. Qxc4
b5 9. Qc2 Bb7 10. Bg5 Nbd7 11. Bxf6 Nxf6 12. Nbd2 Rc8 13. Nb3 c5 14. dxc5 Be4
15. Qc3 Bd5 16. Rfd1 Qc7 17. Ne1 Bxg2 18. Kxg2 Ne4 19. Qf3 Nxc5 20. Rac1 Qb6
21. Nxc5 Rxc5 22. Rxc5 Qxc5 23. Qb7 Bf6 24. Qxa6 1/2-1/2

[Event "BL 0708 SK Zehlendorf - Godesberger SK"]
[Site "?"]
[Date "2007.12.08"]
[Round "6.6"]
[White "Prohaszka, Peter"]
[Black "Dranov, Alexander"]
[Result "1-0"]
[WhiteElo "2470"]
[BlackElo "2439"]
[PlyCount "78"]
[EventDate "2007.??.??"]

1. d4 d5 2. c4 c6 3. Nc3 Nf6 4. e3 g6 5. Nf3 Bg7 6. Be2 O-O 7. O-O Qb6 8. Qb3
Bg4 9. Bd2 e6 10. Rfc1 Nbd7 11. Na4 Qxb3 12. axb3 Rfe8 13. h3 Bxf3 14. Bxf3
Rac8 15. g4 h6 16. Bg2 a6 17. f4 Ne4 18. Bxe4 dxe4 19. Bb4 f5 20. Bd6 fxg4 21.
hxg4 Nf6 22. Kf2 Nxg4+ 23. Ke2 Rcd8 24. Be5 g5 25. Bxg7 Kxg7 26. fxg5 h5 27.
Nc5 e5 28. Nxb7 exd4 29. Nxd8 d3+ 30. Kd2 Rxd8 31. Rf1 Ne5 32. Rxa6 h4 33. Rf6
Nf3+ 34. Kd1 Nxg5 35. Rfxc6 Nf7 36. Rg6+ Kf8 37. Ra7 Ne5 38. Rh6 Kg8 39. Rxh4
Rf8 1-0

[Event "BL 0708 SK Zehlendorf - Godesberger SK"]
[Site "?"]
[Date "2007.12.08"]
[Round "6.7"]
[White "Schmidt, Bodo"]
[Black "Meister, Jakov"]
[Result "0-1"]
[WhiteElo "2370"]
[BlackElo "2491"]
[PlyCount "38"]
[EventDate "2007.??.??"]

1. d4 d5 2. c4 e6 3. Nf3 Nf6 4. g3 Bb4+ 5. Nbd2 dxc4 6. Qa4+ Nc6 7. a3 Bxd2+ 8.
Bxd2 Qd5 9. Bg2 b5 10. Qc2 Bb7 11. Bc3 O-O 12. O-O a5 13. Ne5 Qxg2+ 14. Kxg2
Nxd4+ 15. Kg1 Nxc2 16. Rac1 b4 17. axb4 axb4 18. Rxc2 bxc3 19. Rxc3 Ba6 0-1

[Event "BL 0708 SK Zehlendorf - Godesberger SK"]
[Site "?"]
[Date "2007.12.08"]
[Round "6.8"]
[White "Berger, Steve"]
[Black "Armbruster, Alexander"]
[Result "1-0"]
[WhiteElo "2410"]
[BlackElo "2353"]
[PlyCount "63"]
[EventDate "2007.??.??"]

1. e4 g6 2. d4 d6 3. Nc3 Bg7 4. Be3 a6 5. f4 Nd7 6. Nf3 b5 7. Bd3 Bb7 8. e5 e6
9. a4 b4 10. Ne4 f5 11. Neg5 Qe7 12. Bc4 d5 13. Be2 Nh6 14. Nd2 Nf7 15. Nxf7
Kxf7 16. Nb3 a5 17. g4 Rhd8 18. h4 c5 19. h5 cxd4 20. Nxd4 Nc5 21. Bd3 Rac8 22.
gxf5 exf5 23. hxg6+ hxg6 24. Bxf5 Rh8 25. Bxg6+ Kxg6 26. Rg1+ Kf7 27. Nf5 Qe6
28. Rxg7+ Kf8 29. Qg4 Rh1+ 30. Bg1 d4 31. Rg6 Bf3 32. Qg5 1-0

[Event "BL 0708 SK Zehlendorf - Godesberger SK"]
[Site "?"]
[Date "2007.12.08"]
[Round "6.4"]
[White "Savchenko, Boris"]
[Black "Likavsky, Tomas"]
[Result "1/2-1/2"]
[WhiteElo "2583"]
[BlackElo "2496"]
[PlyCount "200"]
[EventDate "2007.??.??"]

1. e4 c5 2. Nf3 d6 3. d4 cxd4 4. Nxd4 Nf6 5. Nc3 Nc6 6. Bg5 e6 7. Qd2 a6 8.
O-O-O Be7 9. Bc4 Na5 10. Bd3 h6 11. Bh4 g5 12. Bg3 Nh5 13. Nce2 Qc7 14. Kb1 Bd7
15. h4 Nxg3 16. Nxg3 gxh4 17. Nh5 O-O-O 18. Nf3 Rhg8 19. Nxh4 Rg5 20. Ng3 Qb6
21. Nf3 Bf6 22. b3 Rc5 23. Qxh6 Bh8 24. Qf4 Nc6 25. Qxd6 Qa5 26. Rxh8 Rxh8 27.
Qf4 Nb4 28. a4 Bxa4 29. Qf6 Be8 30. Qb2 Rg8 31. Bc4 b5 32. Bd3 Bc6 33. Ne1 Bb7
34. Nf1 Nxd3 35. cxd3 Qc3 36. Ne3 Qxb2+ 37. Kxb2 Kd7 38. d4 Rh5 39. Nd3 Ke7 40.
Nc5 Bc8 41. b4 f5 42. exf5 exf5 43. Nd5+ Kf7 44. Kc3 Rh2 45. Nf4 Rg4 46. Ncd3
Rgh4 47. Re1 Rh1 48. Re5 Bd7 49. d5 Kf6 50. g3 Rh8 51. Kd4 Rc8 52. d6 Rc4+ 53.
Ke3 Re1+ 54. Ne2 Rd1 55. f4 Rc6 56. g4 fxg4 57. Ng3 Rxd3+ 58. Kxd3 Rxd6+ 59.
Ke4 Bc6+ 60. Ke3 Re6 61. Nh5+ Kf7 62. Kd4 Rxe5 63. Kxe5 Bf3 64. Ng3 Bd1 65. Kd5
Bc2 66. Ke5 Bd3 67. Nh1 Bc2 68. Ng3 Bd3 69. Kd4 Bc2 70. Kc3 Bb1 71. Kd4 Ke6 72.
Kc5 Bd3 73. Kd4 Bb1 74. Ne2 Kf5 75. Ke3 Ke6 76. Kf2 Bd3 77. Nc3 Kf5 78. Ke3 Bc4
79. Ne4 Bd5 80. Ng3+ Ke6 81. Kd3 Bc4+ 82. Kd4 Kf6 83. Ke4 Bb3 84. Nh5+ Kf7 85.
Ke5 Bc4 86. Ng3 Bd3 87. Nh1 Bc2 88. f5 Bd3 89. Ng3 a5 90. bxa5 b4 91. Kd4 Ba6
92. Ne4 Ke7 93. Nc5 g3 94. Ke3 Bc4 95. Kf3 b3 96. Na4 Bb5 97. Nc3 Bd3 98. Kxg3
Bxf5 99. a6 Bc8 100. a7 Bb7 1/2-1/2

[Event "BL 0708 Werder Bremen - OSC Baden Baden"]
[Site "?"]
[Date "2007.12.08"]
[Round "5.2"]
[White "Efimenko, Zahar"]
[Black "Bacrot, Etienne"]
[Result "1/2-1/2"]
[WhiteElo "2624"]
[BlackElo "2695"]
[PlyCount "94"]
[EventDate "2007.??.??"]

1. e4 e5 2. Nf3 Nc6 3. Bb5 a6 4. Ba4 Nf6 5. O-O Be7 6. d3 b5 7. Bb3 d6 8. a4
Bd7 9. Bd2 O-O 10. axb5 axb5 11. Nc3 Rxa1 12. Qxa1 Qb8 13. Nd5 Nxd5 14. Bxd5
Nd8 15. Be3 c6 16. Bb3 Ne6 17. c3 Qb7 18. d4 Ra8 19. Qd1 exd4 20. cxd4 Nf8 21.
h3 c5 22. dxc5 dxc5 23. Bd5 Bc6 24. Ne5 Bxd5 25. exd5 Bd6 26. Nc6 Ng6 27. Qf3
Qd7 28. b3 Ne7 29. Rc1 Rc8 30. Bxc5 Nxd5 31. Bxd6 Qxd6 32. Rd1 Qxc6 33. Qxd5
Qe8 34. Qd7 f6 35. Qb7 Rb8 36. Qd5+ Kh8 37. Kf1 h6 38. Re1 Qd8 39. Qxd8+ Rxd8
40. Ke2 Kg8 41. Rc1 Rd5 42. Rc8+ Kf7 43. Rc7+ Kg6 44. Ke3 h5 45. h4 Re5+ 46.
Kd3 Rd5+ 47. Ke3 Re5+ 1/2-1/2

[Event "BL 0708 Werder Bremen - OSC Baden Baden"]
[Site "?"]
[Date "2007.12.08"]
[Round "5.3"]
[White "Vallejo Pons, Francisco"]
[Black "Areshchenko, Alexander"]
[Result "0-1"]
[WhiteElo "2660"]
[BlackElo "2638"]
[PlyCount "116"]
[EventDate "2007.??.??"]

1. e4 c5 2. Ne2 Nf6 3. Nbc3 d6 4. g3 e5 5. Bg2 Be7 6. d3 Nc6 7. O-O O-O 8. f4
Nd4 9. h3 Rb8 10. a4 a6 11. g4 b5 12. axb5 axb5 13. g5 Nxe2+ 14. Qxe2 Nd7 15.
Nd5 exf4 16. Bxf4 Ne5 17. h4 Bb7 18. Bh3 Ra8 19. Rxa8 Bxa8 20. Bxe5 dxe5 21.
Nf6+ Bxf6 22. gxf6 c4 23. Rf2 cxd3 24. cxd3 Qd6 25. Qe3 Rd8 26. Qg5 Qf8 27.
Qxe5 Rxd3 28. fxg7 Rd1+ 29. Bf1 Qd8 30. h5 Re1 31. Qf5 Qc7 32. Qxb5 Qg3+ 33.
Rg2 Qe3+ 34. Kh2 Qf4+ 35. Kg1 Qe3+ 36. Kh2 Qf4+ 37. Rg3 Rxe4 38. Bg2 Qh4+ 39.
Bh3 Qf4 40. Bf5 Qh4+ 41. Bh3 Qd8 42. Qd3 Rd4 43. Qa3 Rd2+ 44. Kg1 Qb6+ 45. Qe3
Rd1+ 46. Bf1 Qc6 47. Qe2 Rc1 48. Rc3 Qh1+ 49. Kf2 Qh4+ 50. Kg1 Qg5+ 51. Kh2
Qf4+ 52. Kg1 Rxc3 53. bxc3 Qg3+ 54. Bg2 Bxg2 55. Qxg2 Qxc3 56. Kh1 Qa1+ 57. Kh2
Qe5+ 58. Qg3 Qxh5+ 0-1

[Event "BL 0708 Werder Bremen - OSC Baden Baden"]
[Site "?"]
[Date "2007.12.08"]
[Round "5.4"]
[White "Fressinet, Laurent"]
[Black "Naiditsch, Arkadij"]
[Result "1/2-1/2"]
[WhiteElo "2654"]
[BlackElo "2639"]
[PlyCount "71"]
[EventDate "2007.??.??"]

1. e4 e5 2. Nf3 Nc6 3. Bb5 a6 4. Ba4 Nf6 5. O-O Be7 6. d3 b5 7. Bb3 d6 8. c3
O-O 9. Nbd2 Na5 10. Bc2 c5 11. Re1 Nc6 12. Nf1 Re8 13. h3 h6 14. Ng3 Be6 15. d4
cxd4 16. cxd4 exd4 17. Nxd4 Nxd4 18. Qxd4 Rc8 19. Bb3 Bxb3 20. axb3 d5 21. e5
Bc5 22. Qf4 Ne4 23. Nxe4 dxe4 24. Rxa6 Qd3 25. Qxe4 Bxf2+ 26. Kxf2 Rc2+ 27. Kg1
Qxe4 28. Rxe4 Rxc1+ 29. Kh2 Rc2 30. Rb6 Rxb2 31. Rxb5 Re7 32. b4 Kh7 33. Rc5
Re6 34. Rcc4 g5 35. Re3 f6 36. Ree4 1/2-1/2

[Event "BL 0708 Werder Bremen - OSC Baden Baden"]
[Site "?"]
[Date "2007.12.08"]
[Round "5.6"]
[White "Nyback, Tomi"]
[Black "Dautov, Rustem"]
[Result "0-1"]
[WhiteElo "2565"]
[BlackElo "2590"]
[PlyCount "84"]
[EventDate "2007.??.??"]

1. d4 Nf6 2. c4 c6 3. Nc3 d5 4. Nf3 a6 5. a4 e6 6. Bg5 Nbd7 7. a5 Bb4 8. Qa4
Be7 9. e3 O-O 10. Qb3 h6 11. Bf4 Nh5 12. cxd5 exd5 13. Bg3 Nxg3 14. hxg3 Nf6
15. Bd3 Bd6 16. O-O Rb8 17. Qc2 Re8 18. Nd2 Be6 19. Rfb1 Qe7 20. Na4 Nd7 21.
Nb3 h5 22. Nac5 Nf8 23. Nd2 h4 24. gxh4 Qxh4 25. Nf3 Qh5 26. Nxe6 Rxe6 27. Kf1
Ng6 28. Ng1 Qh1 29. Qd1 Bh2 30. Ke2 Rxe3+ 31. Kxe3 Bf4+ 32. Ke2 Re8+ 33. Be4
Qxg2 34. Kd3 Qxf2 35. Qe1 dxe4+ 36. Kc4 Qg2 37. Qe2 Qg5 38. Kc3 c5 39. dxc5
Qxc5+ 40. Kb3 Rc8 41. Rd1 Be3 42. Nh3 Ne5 0-1

[Event "BL 0708 Werder Bremen - OSC Baden Baden"]
[Site "?"]
[Date "2007.12.08"]
[Round "6.7"]
[White "Schlosser, Philipp"]
[Black "Babula, Vlastimil"]
[Result "1-0"]
[WhiteElo "2579"]
[BlackElo "2596"]
[PlyCount "57"]
[EventDate "2007.??.??"]

1. c4 Nf6 2. Nc3 e5 3. Nf3 Nc6 4. a3 d5 5. cxd5 Nxd5 6. Qc2 Nxc3 7. bxc3 Bd6 8.
g3 O-O 9. Bg2 Re8 10. d3 Na5 11. O-O c5 12. c4 Nc6 13. Bb2 Bg4 14. h3 Bh5 15.
e3 Bc7 16. Rfd1 f5 17. Bc3 Qe7 18. Qb2 Bb6 19. Rd2 Rad8 20. Nh4 g6 21. Bd5+ Kf8
22. Ng2 g5 23. f4 Ba5 24. Bxa5 Nxa5 25. Rf1 Kg7 26. Rdf2 Bg6 27. e4 gxf4 28.
gxf4 Rf8 29. fxe5 1-0

[Event "BL 0708 Werder Bremen - OSC Baden Baden"]
[Site "?"]
[Date "2007.12.08"]
[Round "5.8"]
[White "Fish, Gennadij"]
[Black "Doettling, Fabian"]
[Result "1/2-1/2"]
[WhiteElo "2546"]
[BlackElo "2541"]
[PlyCount "47"]
[EventDate "2007.??.??"]

1. d4 d5 2. c4 e6 3. Nc3 Be7 4. Nf3 Nf6 5. Bg5 h6 6. Bh4 O-O 7. e3 b6 8. Be2
Bb7 9. Bxf6 Bxf6 10. cxd5 exd5 11. Qb3 c6 12. Rd1 Re8 13. O-O Na6 14. Rfe1 Nc7
15. Bf1 Ne6 16. e4 dxe4 17. Rxe4 c5 18. dxc5 Qb8 19. Nd5 Bxd5 20. Rxd5 Nxc5 21.
Rxe8+ Qxe8 22. Qb4 Rd8 23. Qb5 Qxb5 24. Rxd8+ 1/2-1/2

[Event "BL 0708 Hamburger SK - SG Turm Trier"]
[Site "?"]
[Date "2007.12.08"]
[Round "6.2"]
[White "Gustafsson, Jan"]
[Black "Seger, Ruediger"]
[Result "1/2-1/2"]
[WhiteElo "2606"]
[BlackElo "2395"]
[PlyCount "37"]
[EventDate "2007.??.??"]

1. Nf3 Nf6 2. c4 g6 3. Nc3 d5 4. cxd5 Nxd5 5. Qa4+ c6 6. d4 Bg7 7. e4 Nb6 8.
Qd1 Bg4 9. Be3 O-O 10. Be2 N8d7 11. O-O Bxf3 12. Bxf3 Nc4 13. Bg5 h6 14. Bc1 c5
15. d5 Qa5 16. Qc2 b5 17. Be2 Ndb6 18. a4 a6 19. Ra2 1/2-1/2

[Event "BL 0708 Hamburger SK - SG Turm Trier"]
[Site "?"]
[Date "2007.12.08"]
[Round "5.3"]
[White "Kolbus, Dietmar"]
[Black "Ftacnik, Lubomir Dr"]
[Result "1-0"]
[WhiteElo "2386"]
[BlackElo "2553"]
[PlyCount "105"]
[EventDate "2007.??.??"]

1. c4 Nf6 2. Nc3 c5 3. g3 e6 4. Nf3 b6 5. Bg2 Bb7 6. O-O Be7 7. b3 O-O 8. Bb2
a6 9. d4 cxd4 10. Qxd4 d6 11. Rfd1 Nbd7 12. Ng5 Bxg2 13. Kxg2 Qc7 14. Kg1 Rad8
15. Nge4 Ne8 16. Qe3 Qb8 17. a4 h6 18. Ba3 Ne5 19. f4 Ng4 20. Qf3 f5 21. Nf2
Nxf2 22. Kxf2 Nf6 23. Kg2 g5 24. Kh1 Kf7 25. Rd3 gxf4 26. gxf4 Rg8 27. Rad1 Rg4
28. e4 b5 29. axb5 axb5 30. exf5 exf5 31. Nxb5 Rdg8 32. Bxd6 Qb6 33. Rd4 Ne4
34. Bxe7 Qg6 35. Bg5 Qh5 36. Rd7+ Kg6 37. R1d6+ Nxd6 38. Rxd6+ Kh7 39. Rd7+ Rg7
40. Rxg7+ Kxg7 41. Qb7+ Kg8 42. Qc8+ Kg7 43. Qd7+ Kg8 44. Qe6+ Kh7 45. Qxf5+
Kg8 46. Qe6+ Kh7 47. Qe4+ Kg8 48. Qd5+ Kh7 49. Bf6 Qe8 50. Be5 Qg6 51. Qd7+ Kg8
52. Qd8+ Kf7 53. Nd6+ 1-0

[Event "BL 0708 Hamburger SK - SG Turm Trier"]
[Site "?"]
[Date "2007.12.08"]
[Round "5.4"]
[White "Kempinski, Robert"]
[Black "Cioara, Andrei Nestor"]
[Result "1-0"]
[WhiteElo "2596"]
[BlackElo "2428"]
[PlyCount "67"]
[EventDate "2007.??.??"]

1. d4 e6 2. c4 Nf6 3. Nf3 c5 4. d5 b5 5. dxe6 fxe6 6. cxb5 d5 7. Bf4 Be7 8. e3
O-O 9. Nc3 Nbd7 10. Be2 Bb7 11. h3 Ne8 12. Bh2 Bf6 13. O-O Qe7 14. Rc1 Rd8 15.
Qc2 e5 16. e4 d4 17. Bc4+ Kh8 18. Nd5 Qd6 19. b4 Rc8 20. bxc5 Qxc5 21. Qb2 Nc7
22. Nxc7 Qxc7 23. Be6 Qd6 24. Bxd7 Qxd7 25. Bxe5 d3 26. Rxc8 Qxc8 27. Bxf6 Rxf6
28. Qd4 Qe8 29. Nd2 h6 30. Qxd3 a6 31. a4 axb5 32. axb5 Rb6 33. Rb1 Bc8 34. Nc4
1-0

[Event "BL 0708 Hamburger SK - SG Turm Trier"]
[Site "?"]
[Date "2007.12.08"]
[Round "5.5"]
[White "Ionescu, Doru Alexandru"]
[Black "Hansen, Sune Berg"]
[Result "0-1"]
[WhiteElo "2377"]
[BlackElo "2564"]
[PlyCount "53"]
[EventDate "2007.??.??"]

1. e4 c5 2. d3 Nc6 3. g3 d5 4. Nc3 d4 5. Nce2 e5 6. f4 Bd6 7. Nf3 Nge7 8. Bg2
exf4 9. Nxf4 Ng6 10. O-O O-O 11. Nxg6 hxg6 12. c3 Qb6 13. Kh1 Bg4 14. Qc2 Ne5
15. Nxe5 Bxe5 16. c4 Qd6 17. a3 Rab8 18. Bd2 b5 19. cxb5 Rxb5 20. Rac1 Qb8 21.
b4 Rc8 22. Qb3 Be6 23. Qa4 a5 24. Rb1 Qb7 25. Bf4 f6 26. Bd2 axb4 27. axb4 0-1

[Event "BL 0708 Hamburger SK - SG Turm Trier"]
[Site "?"]
[Date "2007.12.08"]
[Round "6.6"]
[White "Heinemann, Thies"]
[Black "Rat, Dan Ovidiu"]
[Result "1-0"]
[WhiteElo "2478"]
[BlackElo "2322"]
[PlyCount "123"]
[EventDate "2007.??.??"]

1. e4 g6 2. d4 Bg7 3. Nf3 d6 4. Nc3 Nf6 5. h3 O-O 6. Bg5 a6 7. a4 Nc6 8. d5 Nb8
9. Bc4 c6 10. O-O Nbd7 11. Re1 Qa5 12. Ra3 Re8 13. Ba2 Qc7 14. Bf4 cxd5 15.
exd5 Rb8 16. a5 b5 17. axb6 Nxb6 18. Qd3 Bb7 19. Nd2 Rbc8 20. Be3 Nfd7 21. Bd4
Ne5 22. Qe3 Nbc4 23. Nxc4 Nxc4 24. Bxc4 Bxd4 25. Qxd4 Qxc4 26. Qd2 Qh4 27. Ra4
Qf6 28. Rf4 Qg5 29. h4 Qh6 30. g3 Qg7 31. Re3 Rc5 32. Kh2 f5 33. Rb4 Ba8 34.
Rb6 Qf7 35. Rd3 a5 36. Ra6 Rec8 37. Na4 R5c7 38. Rxa5 Bb7 39. Rc3 f4 40. Qxf4
Bxd5 41. Rxd5 Qxd5 42. Nb6 Qb7 43. Nxc8 Rxc3 44. Nxd6 exd6 45. bxc3 Qe7 46. Qd4
Qe2 47. Kg2 Qxc2 48. c4 Qe2 49. g4 Qe7 50. Kg3 Qe2 51. h5 gxh5 52. Qd5+ Kg7 53.
gxh5 Qe7 54. Kg4 Qe2+ 55. f3 Qh2 56. Qg5+ Kh8 57. Qf4 Qg1+ 58. Kh4 Qe1+ 59. Kg5
Qg1+ 60. Kf6 Qc5 61. h6 Qh5 62. Ke7 1-0

[Event "BL 0708 Hamburger SK - SG Turm Trier"]
[Site "?"]
[Date "2007.12.08"]
[Round "5.8"]
[White "Sebastian, Dirk"]
[Black "Korman, Maxim"]
[Result "1-0"]
[WhiteElo "2445"]
[BlackElo "2113"]
[PlyCount "63"]
[EventDate "2007.??.??"]

1. e4 e6 2. d3 d5 3. Nd2 Nc6 4. Ngf3 e5 5. c3 Nf6 6. Be2 a5 7. h3 Bc5 8. Qc2
Qe7 9. Nf1 h6 10. Ng3 O-O 11. O-O Qd6 12. a4 Be6 13. Kh1 Rfd8 14. d4 exd4 15.
e5 d3 16. Bxd3 Nxe5 17. Bf4 Nfd7 18. Rae1 f6 19. Nd4 Re8 20. Bg6 Bf7 21. Bxf7+
Kxf7 22. Ndf5 Qf8 23. Nh5 g5 24. Bh2 c6 25. f4 Ng6 26. Nhg7 Rxe1 27. Rxe1 Ne7
28. Ne6 Qc8 29. Nxc5 Nxf5 30. Qxf5 Nxc5 31. Qh7+ Kf8 32. Re7 1-0

[Event "BL 0708 Bindl-Aktionär - Solinger SG"]
[Site "?"]
[Date "2007.12.08"]
[Round "6.1"]
[White "Stellwagen, Daniel"]
[Black "Navara, David"]
[Result "1/2-1/2"]
[WhiteElo "2639"]
[BlackElo "2656"]
[PlyCount "120"]
[EventDate "2007.??.??"]

1. e4 e5 2. Nf3 Nc6 3. Bb5 a6 4. Ba4 Nf6 5. O-O Be7 6. Re1 b5 7. Bb3 d6 8. c3
O-O 9. h3 Bb7 10. d4 Re8 11. Nbd2 Bf8 12. a4 Na5 13. Ba2 c5 14. d5 c4 15. b4
cxb3 16. Nxb3 Bc8 17. Nxa5 Qxa5 18. Bd2 Bd7 19. c4 b4 20. Bb3 Rec8 21. Re2 Be8
22. Ne1 Nd7 23. Nd3 Rab8 24. Be3 Be7 25. Rc1 Bd8 26. c5 dxc5 27. Rec2 Qb6 28.
Nxc5 Qg6 29. d6 Nxc5 30. Rxc5 Rxc5 31. Rxc5 Bd7 32. Rxe5 Bf6 33. Rc5 Qxe4 34.
Rc7 Be6 35. d7 Rd8 36. Bxe6 Qxe6 37. Rb7 b3 38. Bb6 Rf8 39. Bc5 Rd8 40. Bb6 Rf8
41. d8=Q Bxd8 42. Bxd8 Qc8 43. Qxb3 Qxd8 44. Qc4 Qd1+ 45. Kh2 Qd6+ 46. g3 h5
47. Kg2 h4 48. g4 a5 49. Rb5 Qd8 50. g5 Qa8+ 51. Kh2 Rc8 52. Rc5 Rxc5 53. Qxc5
Qf3 54. Qd4 Kh7 55. Qxh4+ Kg6 56. Qd4 Kh5 57. Qxg7 Qxf2+ 58. Kh1 Kh4 59. Qh8+
Kxg5 60. Qd8+ Kg6 1/2-1/2

[Event "BL 0708 Bindl-Aktionär - Solinger SG"]
[Site "?"]
[Date "2007.12.08"]
[Round "6.4"]
[White "Bindrich, Falko"]
[Black "Naumann, Alexander"]
[Result "1-0"]
[WhiteElo "2512"]
[BlackElo "2548"]
[PlyCount "131"]
[EventDate "2007.??.??"]

1. e4 c5 2. d4 d6 3. Nf3 cxd4 4. Nxd4 Nf6 5. Nc3 a6 6. Bg5 e6 7. f4 Qb6 8. Qd2
Nc6 9. Bxf6 gxf6 10. Nb3 Bd7 11. O-O-O O-O-O 12. Be2 h5 13. Rhf1 h4 14. Bg4 Kb8
15. Kb1 Bc8 16. Bh3 Ne7 17. Qe1 Bg7 18. f5 e5 19. Rf3 Qc7 20. Rfd3 b6 21. a3
Bb7 22. Nc1 Bh6 23. N1a2 Bf4 24. Nb4 Bxh2 25. Bg4 Bg3 26. Qf1 Qc5 27. Rf3 b5
28. Ncd5 Nxd5 29. Nxd5 Rc8 30. Qe2 Qc4 31. Rfd3 Bxd5 32. Rxd5 Qxe2 33. Bxe2 Rc6
34. Rxd6 Rhc8 35. Rxc6 Rxc6 36. Rd7 Bf4 37. Rxf7 Bg5 38. Re7 Rb6 39. Ka2 Rb7
40. Re6 Ka7 41. b4 Rb6 42. Kb3 Bd2 43. c3 Be1 44. Kc2 Kb7 45. Kb3 Kc7 46. Re7+
Kd8 47. Rf7 Rd6 48. c4 Rd2 49. cxb5 axb5 50. Bxb5 Rxg2 51. Rxf6 h3 52. Rh6 h2
53. f6 Bg3 54. Rh8+ Kc7 55. f7 Rf2 56. Bc4 Rf3+ 57. Ka4 Rf6 58. Kb5 Rb6+ 59.
Ka5 Rf6 60. Bd5 Bf4 61. Kb5 Kd7 62. a4 Bh6 63. f8=Q Bxf8 64. Rxh2 Rf1 65. Rh7+
Be7 66. a5 1-0